[Event "Alushta"]
[Site "Alushta"]
[Date "1999.03.09"]
[Round "7"]
[White "Nosenko, Alexander"]
[Black "Khomyakov, Vladimir"]
[Result "1/2-1/2"]
[WhiteElo "2433"]
[BlackElo "2380"]

1.d4 Nf6 2.Nf3 g6 3.c4 Bg7 4.Nc3 O-O 5.e4 d6 6.Be2 Na6 7.O-O e5 8.Be3 Ng4
9.Bg5 Qe8 10.dxe5 dxe5 11.h3 h6 12.Bd2 Nf6 13.Be3 Qe7 14.Qc1 Nc5 15.Bxh6 Ncxe4
16.Bxg7 Kxg7 17.Nxe4 Nxe4 18.Qe3 Nd6 19.Nxe5 Re8 20.Ng4 Bxg4 21.Qc3+ Qf6
22.Qxf6+ Kxf6 23.Bxg4 Nxc4 24.Rfc1 Ne5 25.Rxc7 Re7 26.Rxe7 Kxe7 27.Be2 Rc8
28.f4 Nd7 29.Bf3 b6 30.Re1+ Kf6 31.g3 Rc2 32.Re2 Rc1+ 33.Kf2 Nc5 34.Ke3 Rb1
35.Rc2 Re1+ 36.Be2 Rg1 37.Kf2 Rb1 38.h4 Ke7 39.b3 f5 40.Bf3 a5 41.Re2+ Kf6
42.Rd2 Ke7 43.Kg2 Rc1 44.h5 gxh5 45.Bxh5 Rc3 46.Bf3 Ke6 47.Bd5+ Kf6 48.Kh3 b5
49.Kh4 b4 50.Re2 Rd3 51.Bc4 Rd1 52.Kh3 Ne4 53.g4 Rh1+ 54.Kg2 Rh4 55.gxf5 Kxf5
56.Bd3  1/2-1/2

[Event "Budapest FS03 IM"]
[Site "Budapest"]
[Date "1999.03.10"]
[Round "5"]
[White "Serrer, Christoph"]
[Black "Zimmerman, Yuri"]
[Result "1-0"]
[WhiteElo "2285"]
[BlackElo "2374"]

1.Nf3 Nf6 2.c4 g6 3.Nc3 Bg7 4.e4 d6 5.d4 O-O 6.Be2 e5 7.dxe5 dxe5 8.Qxd8 Rxd8
9.Bg5 c6 10.Nxe5 Re8 11.O-O-O Na6 12.Rd6 Be6 13.Nf3 Nc5 14.Nd2 Nfd7 15.Ndb1 a5
16.Be3 Rac8 17.Rhd1 Bf8 18.R6d4 Nb6 19.f4 Na6 20.b3 Bc5 21.R4d3 a4 22.Bd4 axb3
23.axb3 Nd7 24.g4 f6 25.h4 b5 26.R3d2 bxc4 27.Bxc4 Bxc4 28.bxc4 Nb6 29.Ra2 Bxd4
30.Rxd4 Nc5 31.Nd2 Ne6 32.Rd6 Nxf4 33.Ra6 Rb8 34.Rxc6 Nd3+ 35.Kd1 Nd7 36.Rc7 Nf8
37.Rxf6 Ne5 38.g5 Rbc8 39.Rxc8 Rxc8 40.Nd5 Kg7 41.Nb6 Rc7 42.Ke2 Rb7 43.Nf3 Nxf3
44.Kxf3 h6 45.Rd6 hxg5 46.hxg5 Kf7 47.Rf6+ Kg7 48.Kf4 Re7 49.Nd5 Re8 50.Rc6 Nd7  1-0

[Event "AUT2W-chT 9899"]
[Site "AUT"]
[Date "1999.03.12"]
[Round "7.6"]
[White "Ferk, Martin"]
[Black "Eiler, Gebhard"]
[Result "0-1"]
[WhiteElo "2095"]
[BlackElo "2080"]

1.d4 Nf6 2.c4 g6 3.Nc3 Bg7 4.e4 d6 5.Nf3 O-O 6.Be2 e5 7.O-O Na6 8.Bg5 h6
9.Bh4 Qe8 10.Bxf6 Bxf6 11.c5 Bg7 12.cxd6 cxd6 13.dxe5 dxe5 14.Bxa6 bxa6 15.Nd5 Rb8
16.Qe2 Bb7 17.Rfe1 Qa4 18.b3 Qa3 19.Nd2 Rfd8 20.Nc4 Qc5 21.b4 Qf8 22.Rad1 Bc6
23.Na5 Bb5 24.Qe3 Rd7 25.Rc1 Qd8 26.Rc5 Bf8 27.Nc6 Bxc5 28.Nxd8 Bxe3 29.Nf6+ Kg7
30.Nxd7 Rxd8 31.Nxe5 Bd2  0-1

[Event "Lugano op"]
[Site "Lugano"]
[Date "1999.03.12"]
[Round "3"]
[White "Pelletier, Yannick"]
[Black "Fejzullahu, Afrim"]
[Result "1-0"]
[WhiteElo "2483"]
[BlackElo "2298"]

1.d4 Nf6 2.c4 g6 3.Nc3 Bg7 4.e4 d6 5.Nf3 O-O 6.Be2 e5 7.O-O exd4 8.Nxd4 Re8
9.f3 Nc6 10.Be3 Nh5 11.Qd2 f5 12.Nxc6 bxc6 13.exf5 gxf5 14.f4 Nf6 15.Bf3 Ne4
16.Bxe4 fxe4 17.f5 Bb7 18.Rf4 c5 19.Raf1 Qf6 20.Nd5 Bxd5 21.Qxd5+ Kh8 22.Rxe4 Qxb2
23.Re7 Rac8 24.Qe6 Rf8 25.Bg5 Qd4+ 26.Kh1 Qd3 27.Qe2 Qxe2 28.Rxe2 Bf6 29.Bxf6+ Rxf6
30.Re7 Rcf8 31.g4 R6f7 32.Rfe1 h5 33.h3 hxg4 34.hxg4 c6 35.Kg2 Kg7 36.R1e6 Rxe7
37.Rxe7+ Rf7 38.Re6 Rf6 39.Re2 d5 40.Kf3 Rd6 41.g5 dxc4 42.Kg4 c3 43.Kh5 Rd2
44.f6+ Kf8 45.Re5 Rd5 46.Re3 c2 47.Rc3 Rd2 48.Kg6  1-0

[Event "AUT-chT2M 9899"]
[Site "Austria"]
[Date "1999.03.13"]
[Round "11"]
[White "Wukits, Rene"]
[Black "Juergens, Klaus"]
[Result "1-0"]
[WhiteElo "2230"]
[BlackElo "2235"]

1.d4 Nf6 2.c4 g6 3.Nc3 Bg7 4.e4 d6 5.Be2 O-O 6.Nf3 e5 7.d5 Na6 8.O-O Nc5
9.Qc2 a5 10.Bg5 h6 11.Be3 Ne8 12.Nd2 Kh7 13.a3 f5 14.exf5 Bxf5 15.Nde4 Nxe4
16.Nxe4 Nf6 17.f3 Qd7 18.b3 b6 19.Rae1 Rf7 20.Bd3 Bxe4 21.Bxe4 Nxe4 22.fxe4 Raf8
23.Qe2 h5 24.Rxf7 Qxf7 25.Rf1 Qxf1+ 26.Qxf1 Rxf1+ 27.Kxf1 Bh6 28.Bf2 Bc1
29.a4 g5 30.Ke2 Kg6 31.b4 axb4 32.Kd1 Ba3 33.Kc2 h4 34.h3 Kh5 35.Be3 g4 36.Kb3 g3
37.Ka2 Kg6 38.Bd2 Kf6 39.Bh6 Kg6 40.Be3 Kf6 41.Kb3 Kg6 42.a5 bxa5 43.Ba7 Kf7
44.Bb8 c6 45.Bxd6 cxd5 46.cxd5 a4+ 47.Kxa4 Bb2 48.Kxb4 Ke8 49.Kb3 Bd4 50.Bb4 Be3
51.Kc4 Kd7 52.Kd3 Bg5 53.Ke2 Ke8 54.Bd2 Be7 55.Bc3 Bf6 56.Kf3 Kf7 57.Kg4 Kg6
58.Bb4 Bd8 59.Bd6  1-0

[Event "AUT2W-chT 9899"]
[Site "AUT"]
[Date "1999.03.13"]
[Round "8.5"]
[White "Kupfner, Franz"]
[Black "Eiler, Gebhard"]
[Result "0-1"]
[WhiteElo "2143"]
[BlackElo "2080"]

1.d4 Nf6 2.Nf3 g6 3.c4 Bg7 4.Nc3 O-O 5.e4 d6 6.Be2 e5 7.O-O Na6 8.Bg5 h6
9.Bh4 Qe8 10.Bxf6 Bxf6 11.c5 Bg7 12.Bxa6 bxa6 13.Nd5 Qd8 14.dxe5 dxe5 15.Qa4 f5
16.Rfd1 fxe4 17.Qxe4 Bf5 18.Qc4 Be6 19.c6 Rf7 20.Rd2 Rxf3  0-1

[Event "Lugano op"]
[Site "Lugano"]
[Date "1999.03.14"]
[Round "5"]
[White "Tukmakov, Vladimir B"]
[Black "Gallagher, Joseph G"]
[Result "1-0"]
[WhiteElo "2581"]
[BlackElo "2519"]

1.Nf3 Nf6 2.c4 g6 3.Nc3 Bg7 4.e4 d6 5.d4 O-O 6.Be2 e5 7.O-O Na6 8.Re1 c6
9.Bf1 Bg4 10.d5 c5 11.h3 Bd7 12.Bg5 h6 13.Be3 Be8 14.Qd2 Kh7 15.a3 Nd7 16.g3 f5
17.exf5 gxf5 18.Nh4 e4 19.f4 Bf6 20.Ng2 Rg8 21.Kh2 Qe7 22.Bf2 h5 23.Ne3 Bg6
24.Nb5 Bg7 25.Be2 Bh6 26.Ng2 Nf6 27.b4 Be8 28.Nh4 Bd7 29.Rab1 b6 30.Qd1 Rg7
31.Bxh5 Nxh5 32.Qxh5 Rf8 33.Qe2 Be8 34.Nc3 Qf6 35.Nd1 Bd7 36.Ne3 Nc7 37.Rec1 Rgg8
38.Be1 Ne8 39.Bc3 Qe7 40.Qh5 Nf6 41.Qxh6+  1-0

[Event "Bucharest TIT (Women)"]
[Site "Bucharest"]
[Date "1999.03.18"]
[Round "15"]
[White "Smokina, Karolina"]
[Black "Ionica, Iulia"]
[Result "1/2-1/2"]
[WhiteElo "2176"]
[BlackElo "2197"]

1.c4 Nf6 2.Nc3 g6 3.d4 d6 4.e4 Bg7 5.Nf3 O-O 6.Be2 e5 7.O-O exd4 8.Nxd4 Re8
9.f3 Nc6 10.Be3 Nh5 11.Nxc6 bxc6  1/2-1/2

[Event "Novgorod op"]
[Site "Novgorod"]
[Date "1999.03.19"]
[Round "1"]
[White "Yarovik, Yuri"]
[Black "Dolmatov, Sergey"]
[Result "1/2-1/2"]
[WhiteElo "2415"]
[BlackElo "2589"]

1.d4 Nf6 2.c4 g6 3.Nc3 Bg7 4.e4 d6 5.Nf3 O-O 6.Be2 e5 7.dxe5 dxe5 8.Qxd8 Rxd8
9.Bg5 Rf8 10.h3 Nbd7 11.Be3 c6 12.Nd2 Ne8 13.O-O-O Nc7 14.b4 Ne6 15.Nb3 f5
16.f3 Nf6 17.Rhe1 Nh5 18.Rd2 Ng3 19.Kc2 Nf4 20.Bd1 Be6 21.Na5 Rf7 22.Kb2 fxe4
23.fxe4 Bf6 24.Bb3 Bd8 25.Red1 Bxa5 26.bxa5 Kg7 27.Kc2 g5 28.Bc5 h5 29.Bd6 Kf6
30.Re1 Rd7 31.c5 h4 32.Bxe6 Kxe6 33.Na4 g4 34.hxg4 Rg8 35.Nb2 Rxg4 36.Nc4 Ng6
37.Re3 Rxe4 38.Rxe4 Nxe4 39.Re2 Ng3 40.Re3 Nf5 41.Re1 Nxd6 42.cxd6 Rf7 43.Kc3 b5
44.axb6 axb6 45.Nxb6 Kxd6 46.a4 Kc5 47.a5 h3 48.gxh3 Rf3+ 49.Kb2 Kb5 50.Nd7  1/2-1/2

[Event "Novgorod op"]
[Site "Novgorod"]
[Date "1999.03.19"]
[Round "10"]
[White "Iljushkin, Evgeny"]
[Black "Tetradze, Natalia"]
[Result "1/2-1/2"]
[WhiteElo "2405"]
[BlackElo "2090"]

1.d4 Nf6 2.c4 g6 3.Nc3 Bg7 4.e4 d6 5.Nf3 O-O 6.Be2 e5 7.d5 a5 8.h3 Na6 9.Be3 Bd7
10.Nd2 Ne8 11.g4 Nc5 12.Nb3 Nxb3 13.Qxb3 f5 14.f3 Bf6 15.gxf5 gxf5 16.O-O-O f4
17.Bf2 a4 18.Qb4 a3 19.b3 Be7 20.Nb1 c5 21.dxc6 bxc6 22.c5 Qa5 23.Rhg1+ Kh8
24.Qxa5 Rxa5 25.cxd6 Nxd6 26.Bb6 Raa8 27.Bc5 Rf6 28.Nxa3 Bxh3 29.Rg5 Re6
30.Rh5 Nxe4 31.Bxe7 Nc3 32.Bc5 Nxe2+ 33.Kd2 Bf1 34.Rxf1 Ng3 35.Rfh1 Nxh1
36.Rxh1 Ra5 37.Bb4 Rd5+ 38.Kc2 e4 39.fxe4 Rxe4 40.Nc4 Re2+ 41.Nd2 f3 42.Kd1 h5
43.Rf1 Rf5 44.a4 Re3 45.Re1 Rd3 46.Kc2 Rd7 47.Rf1 h4 48.Rh1 Rf4 49.Bc3+ Kh7
50.Be5 Rf5 51.Rxh4+ Kg6 52.Bg3 f2 53.Nf1 Rc5+ 54.Rc4 Rxc4+ 55.bxc4 Rf7 56.Kd2 Ra7
57.Bxf2 Rxa4 58.Ne3 Ra2+ 59.Nc2 Kf5 60.Bc5 Ra8 61.Nb4 Ke4 62.Kc2 Rg8 63.Bb6 c5
64.Bxc5 Rc8 65.Nd3 Rxc5 66.Nxc5+ Kd4 67.Kb3 Kxc5 68.Kc3 Kc6  1/2-1/2

[Event "Novgorod op"]
[Site "Novgorod"]
[Date "1999.03.19"]
[Round "10"]
[White "Ivanov, Timur"]
[Black "Yarovik, Yuri"]
[Result "1-0"]
[WhiteElo "2390"]
[BlackElo "2415"]

1.Nf3 Nf6 2.c4 g6 3.Nc3 Bg7 4.e4 d6 5.d4 O-O 6.Be2 Na6 7.O-O e5 8.Re1 Qe8
9.Bf1 Bg4 10.Be3 Nd7 11.d5 f5 12.Be2 f4 13.Bc1 Bxf3 14.Bxf3 h5 15.a3 Nf6
16.b4 g5 17.Be2 g4 18.f3 Qg6 19.Kh1 Rf7 20.Bd2 Bf8 21.Rc1 Rg7 22.Na4 h4 23.fxg4 Nxe4
24.Qc2 Nxd2 25.Qxd2 Be7 26.Bf3 Rf8 27.h3 Nb8 28.c5 Nd7 29.c6 Nf6 30.cxb7 e4
31.Rxc7 exf3 32.gxf3 Qg5 33.Nc3 Kh8 34.Rexe7 Rxe7 35.Rxe7 Nxg4 36.Re1 Ne5
37.Ne4 Qg7 38.Qf2 Qxb7 39.Nxd6 Qxd5 40.Qxh4+ Kg7 41.Qg5+ Kh7 42.Qh5+  1-0

[Event "Bled op"]
[Site "Bled"]
[Date "1999.03.20"]
[Round "1"]
[White "Beliavsky, Alexander G"]
[Black "Staudner, Oliver"]
[Result "1/2-1/2"]
[WhiteElo "2650"]
[BlackElo "2353"]

1.d4 Nf6 2.c4 g6 3.Nc3 Bg7 4.e4 d6 5.Nf3 O-O 6.Be2 e5 7.O-O Na6 8.Re1 Qe8
9.Bf1 Bg4 10.d5 Nb4 11.Be2 a5 12.Be3 Na6 13.h3 Bd7 14.Nd2 Kh8 15.Nf1 Qe7
16.Qd2 Ng8 17.Rab1 f5 18.exf5 gxf5 19.f4 Nf6 20.a3 Nc5 21.fxe5 dxe5 22.b4 axb4
23.axb4 Nce4 24.Nxe4 Nxe4 25.Qc2 Nd6 26.c5 Nb5 27.Qc1 Qf6 28.Nh2 e4 29.c6 bxc6
30.Bxb5 cxb5 31.Qxc7 Qf7 32.Rbd1 Ra2 33.Rf1 Rc8 34.Qf4 Qg6 35.Rf2 Rxf2 36.Bxf2 Rg8
37.Nf1 Bc3 38.g3 Qg7 39.Kg2 Re8 40.Be3 Kg8 41.Bd2 Be5 42.Qg5 Qxg5 43.Bxg5 Ra8
44.Bf4 Ra2+ 45.Rd2 Rxd2+ 46.Bxd2 Kf7 47.Bf4 Bc3  1/2-1/2

[Event "Bled op"]
[Site "Bled"]
[Date "1999.03.20"]
[Round "1"]
[White "Kozul, Zdenko"]
[Black "Krstic, Uros"]
[Result "1-0"]
[WhiteElo "2585"]
[BlackElo "2332"]

1.d4 Nf6 2.c4 g6 3.Nc3 Bg7 4.e4 d6 5.Nf3 O-O 6.Be2 e5 7.O-O Nh5 8.Bg5 f6
9.Be3 Nf4 10.Bxf4 exf4 11.c5 Kh8 12.cxd6 Qxd6 13.Nb5 Qe7 14.d5 a6 15.Nbd4 c5
16.dxc6 Nxc6 17.Nxc6 bxc6 18.Qc2 f5 19.Bd3 fxe4 20.Bxe4 Rb8 21.Rab1 Bg4 22.Rfe1 Bxf3
23.gxf3 c5 24.Kh1 Qf6 25.b3 Qc3 26.Qe2 Qa5 27.Rg1 Rbd8 28.Qf1 Qb6 29.Qh3 Kg8
30.Rg4 Bd4 31.Rbg1 Rf6 32.Qh6 Rdd6 33.Bd3 Qd8 34.Bc4+ Kh8 35.Qh4 Qf8 36.Re1 Kg7
37.Re4  1-0

[Event "Bled op"]
[Site "Bled"]
[Date "1999.03.20"]
[Round "1"]
[White "Krivoshey, Sergei"]
[Black "Praznik, Niko"]
[Result "1/2-1/2"]
[WhiteElo "2451"]
[BlackElo "2229"]

1.Nf3 Nf6 2.c4 g6 3.Nc3 Bg7 4.d4 O-O 5.e4 d6 6.Be2 Nbd7 7.O-O e5 8.Be3 Ng4
9.Bg5 f6 10.Bc1 Nh6 11.Qc2 c6 12.Rd1 Qc7 13.c5 dxc5 14.d5 Nb6 15.a4 a5 16.Be3 Nd7
17.dxc6 bxc6 18.Nb1 Nf7 19.Na3 Bh6 20.Bxh6 Nxh6 21.Ne1 Kg7 22.Rac1 Rb8 23.Nd3 Rf7
24.Rd2 Ba6 25.Nxc5 Nxc5 26.Qxc5 Bxe2 27.Rxe2 Rb4 28.Nb5 Qd7 29.Nd6 Re7 30.Rd2 Qc7
31.Nb5 Qb7 32.Nc3 Nf7 33.Rcc2 Rd7 34.Rxd7 Qxd7 35.Qxa5 Rxe4 36.h3 Re1+ 37.Kh2 Qd3
38.Na2 Qxc2 39.Qxe1 Qxb2 40.Nc3 Qb4 41.Qc1 Nd6 42.Qd2 Qd4 43.Qc2 e4 44.Qd1 Qxd1
45.Nxd1 Nc4 46.Ne3 Na5 47.g4 Kf7 48.Kg3 g5 49.f3 Ke6 50.fxe4 Ke5 51.Kf3 Kd4
52.h4 gxh4 53.Nf5+ Ke5 54.Nxh4 Nc4 55.Nf5 Na5 56.Ke3 Nc4+ 57.Kf3 c5 58.Ne7 Na5
59.Ke3 Nc4+ 60.Kf3 Na5 61.Ke3 Nc4+ 62.Kf3 Na5  1/2-1/2

[Event "Novgorod op"]
[Site "Novgorod"]
[Date "1999.03.20"]
[Round "2"]
[White "Lugovoi, Aleksei"]
[Black "Krasilnikov, Evgeny"]
[Result "1-0"]
[WhiteElo "2510"]
[BlackElo "2130"]

1.d4 Nf6 2.c4 g6 3.Nc3 Bg7 4.e4 d6 5.Nf3 O-O 6.Be2 e5 7.d5 a5 8.Bg5 h6 9.Bh4 Na6
10.O-O Nc5 11.Nd2 Bd7 12.Rb1 Qe8 13.b3 Nh7 14.a3 h5 15.f3 Bh6 16.Qc2 Be3+
17.Kh1 f5 18.b4 axb4 19.axb4 Na6 20.Nb5 g5 21.Be1 f4 22.Nb3 b6 23.Ra1 Qg6
24.Ra4 g4 25.Bh4 gxf3 26.Bxf3 Ng5 27.Bxg5 Qxg5 28.Rfa1 Qh4 29.Qe2 Bc8 30.Nc3 Bb7
31.Nd1 Bd4 32.Rb1 Rae8 33.Nxd4 exd4 34.Nf2 Nb8 35.Ra7 Bc8 36.Rxc7 Nd7 37.Bxh5 f3
38.Bxf3 Ne5 39.Nd3 Ng4 40.g3 Qg5 41.Rxc8 Rxc8 42.Bxg4  1-0

[Event "Bled op"]
[Site "Bled"]
[Date "1999.03.21"]
[Round "2"]
[White "Jelen, Igor"]
[Black "Leskiewicz, Maksymilian"]
[Result "1-0"]
[WhiteElo "2389"]
[BlackElo "2223"]

1.d4 Nf6 2.c4 g6 3.Nc3 Bg7 4.e4 d6 5.Nf3 O-O 6.Be2 e5 7.O-O Qe8 8.dxe5 dxe5
9.Be3 Na6 10.h3 b6 11.a3 c6 12.b4 Qe7 13.c5 Rd8 14.Qa4 b5 15.Qa5 Nh5 16.a4 Rd4
17.axb5 f5 18.bxa6 fxe4 19.Bg5 Bf6 20.Bxf6 Qxf6 21.Nxd4 Nf4 22.Nxe4 Qh4 23.Qa2+ Kh8
24.Nf3 Qh6 25.Neg5  1-0

[Event "BL2-S9899"]
[Site "Germany"]
[Date "1999.03.21"]
[Round "8.2"]
[White "Panzalovic, Srdjan"]
[Black "Schmaltz, Roland"]
[Result "0-1"]
[WhiteElo "2435"]
[BlackElo "2502"]

1.d4 g6 2.Nf3 Bg7 3.c4 Nf6 4.Nc3 O-O 5.e4 d6 6.Be2 e5 7.d5 a5 8.h3 Na6 9.Bg5 Qe8
10.Nd2 Nd7 11.g4 Ndc5 12.Nf1 f5 13.gxf5 gxf5 14.Rg1 Kh8 15.Ng3 Qg6 16.Nxf5 Bxf5
17.Bh5 Nd3+ 18.Qxd3 Qxh5 19.exf5 Nb4 20.Qe4 Qxh3 21.f6 Bxf6 22.Be3 Qh4 23.Rg4 Qh5
24.O-O-O Rg8 25.Rxg8+ Rxg8 26.a3 Na6 27.Rh1 Qg6 28.Rh6 Qxe4 29.Nxe4 Bd8 30.Re6 Kg7
31.c5 Nxc5 32.Bxc5 dxc5 33.Nxc5 b6 34.Ne4 h5 35.Rxe5 Rh8 36.f4 h4 37.Nf2 h3
38.Re1 h2 39.Rh1 Be7 40.Kd2 Bd6 41.Ke2 Bxf4 42.Kf3 Be5 43.Ng4 Bxb2 44.a4 b5
45.axb5 a4 46.Ne3 a3 47.Nc2 a2 48.Kg2 Be5 49.Re1 Kf6 50.Kh1 Ra8  0-1

[Event "BL2-N9899"]
[Site "Germany"]
[Date "1999.03.21"]
[Round "8.6"]
[White "Knuth, Hannes"]
[Black "Salov, Sergei"]
[Result "1-0"]
[WhiteElo "2275"]
[BlackElo "2305"]

1.d4 Nf6 2.c4 d6 3.Nc3 e5 4.Nf3 Nbd7 5.e4 g6 6.Be2 Bg7 7.O-O O-O 8.Qc2 c6
9.Rd1 Qe7 10.Be3 Re8 11.d5 c5 12.b4 Ng4 13.Bg5 f6 14.Bd2 cxb4 15.Nb5 Nc5
16.h3 Nh6 17.Bxb4 b6 18.Bxc5 bxc5 19.Qa4 Rd8 20.Rab1 f5 21.Nc3 fxe4 22.Nxe4 Nf5
23.Re1 Nd4 24.Nxd4 exd4 25.Bf3 Qf8 26.Ng5 Bd7 27.Qa3 Rdb8 28.Ne6 Rxb1 29.Rxb1 Bxe6
30.dxe6 Rb8 31.Bb7 Qe7 32.Qxa7 Rf8 33.Qa3 Kh8 34.Bd5 Be5 35.Rb7 Qf6 36.Qf3 d3
37.Qxf6+ Bxf6 38.Kf1 d2 39.Ke2 Bg5 40.f4 Rxf4 41.e7 Bxe7 42.Rxe7 Rf1 43.Kxd2  1-0

[Event "Novgorod op"]
[Site "Novgorod"]
[Date "1999.03.22"]
[Round "4"]
[White "Ovod, Evgenija"]
[Black "Kazakov, Vladimir"]
[Result "1-0"]
[WhiteElo "2290"]
[BlackElo "2046"]

1.d4 Nf6 2.c4 g6 3.Nc3 Bg7 4.e4 O-O 5.Nf3 d6 6.Be2 e5 7.O-O Nbd7 8.Be3 Ng4
9.Bg5 f6 10.Bc1 c6 11.h3 Nh6 12.Be3 Nf7 13.Qc2 Re8 14.b4 Bh6 15.Bxh6 Nxh6
16.Rfd1 Qe7 17.d5 Nf8 18.c5 Nf7 19.Bc4 Kg7 20.dxc6 bxc6 21.Bxf7 Qxf7 22.Rxd6 Bb7
23.Rad1 Re7 24.b5 Rc8 25.bxc6 Bxc6 26.Nd5 Bxd5 27.R1xd5 Ne6 28.c6 Rcc7 29.g3 h6
30.Kg2 Ng5 31.Nxg5 hxg5 32.Qc3 Kh7 33.a4 Kh6 34.a5 Re6 35.Rd7 Re7 36.Rd8 Kg7
37.a6 Re6 38.R8d7 Re7 39.Rxe7 Qxe7 40.Rb5 Qd6 41.Rb7 Kf8 42.Rxc7 Qxc7 43.Qb4+ Ke8
44.Qb7 Kd8 45.g4 Qc8 46.Qxa7 Qxc6 47.Qb8+ Kd7 48.a7 Qxe4+ 49.Kh2 Qf4+ 50.Kg1 Qc1+
51.Kg2 Qc6+ 52.Kh2 Qf3 53.a8=Q Qxf2+ 54.Qg2 Qf4+ 55.Kh1 Qc1+ 56.Qg1 Qc6+
57.Kh2 Qc2+ 58.Qg2  1-0

[Event "Novgorod op"]
[Site "Novgorod"]
[Date "1999.03.22"]
[Round "4"]
[White "Pavlov, Aleksandr"]
[Black "Chuprov, Dmitry"]
[Result "1/2-1/2"]
[WhiteElo "2308"]
[BlackElo "2400"]

1.d4 d6 2.c4 g6 3.Nc3 Bg7 4.e4 Nf6 5.Nf3 O-O 6.Be2 e5 7.O-O exd4 8.Nxd4 Re8
9.f3 Nc6 10.Nc2 Nd7 11.Be3 Nc5 12.Qd2 a5 13.Bg5 f6 14.Bh4 g5 15.Bf2 f5 16.exf5 Bxf5
17.Ne3 Bg6 18.Ned5 Ne5 19.Be3 Ne6 20.h4 g4 21.fxg4 Qxh4 22.Nxc7 Nxc7 23.Bg5 Qg3
24.Bf4 Qh4 25.Bg5 Qg3  1/2-1/2

[Event "Bled op"]
[Site "Bled"]
[Date "1999.03.23"]
[Round "4"]
[White "Tratar, Marko"]
[Black "Hanko, Pavel"]
[Result "1-0"]
[WhiteElo "2450"]
[BlackElo "2212"]

1.Nf3 Nf6 2.c4 g6 3.Nc3 Bg7 4.e4 d6 5.d4 O-O 6.Be2 e5 7.O-O Nbd7 8.Be3 Ng4
9.Bg5 f6 10.Bd2 c6 11.d5 a5 12.h3 Nh6 13.dxc6 bxc6 14.Bxh6 Bxh6 15.Qxd6 Qb6
16.Na4 Qb7 17.c5 Re8 18.Qd1 Qb4 19.Qc2 Rb8 20.Rfd1 Kh8 21.a3 Qb7 22.Qc3 Nf8
23.Qxa5 Be6 24.Nb6 Bb3 25.Rd6 Re6 26.Rxe6 Nxe6 27.Bc4 Nxc5 28.Qxc5 Qxb6 29.Qxb6 Rxb6
30.Bxb3 Rxb3 31.a4 Rxb2 32.a5 Rb7 33.a6 Ra7 34.Kf1 Kg8 35.Ke2 Kf7 36.Kd3 Ke6
37.Kc4 Kd6 38.Ne1 Kc7 39.Nd3 Bf8 40.Nc5 Be7 41.g3 Kb6 42.Rb1+ Kc7 43.Rb7+ Rxb7
44.Nxb7 Kb6 45.Na5 Kxa6 46.Nxc6 Ba3 47.Nb8+ Kb7 48.Nd7 Kc6 49.Nxf6 h5 50.Nd5 Kd6
51.Nb4 g5 52.Kb5 Bb2 53.Nd5 Bd4 54.Ne3 Ba7 55.Nf5+ Ke6 56.f3 g4 57.fxg4 hxg4
58.h4 Kf6 59.Kc6 Bd4 60.Nh6 Kg6 61.Nxg4 Kh5 62.Nh2 Bf2 63.Nf1 Kg4 64.Kd5 Bd4
65.Nh2+ Kh5 66.g4+  1-0

[Event "Bled op"]
[Site "Bled"]
[Date "1999.03.24"]
[Round "5"]
[White "Wiley, Tom E"]
[Black "Hanko, Pavel"]
[Result "1-0"]
[WhiteElo "2280"]
[BlackElo "2212"]

1.d4 Nf6 2.c4 g6 3.Nc3 Bg7 4.e4 d6 5.Nf3 O-O 6.Be2 e5 7.O-O Nbd7 8.Be3 Ng4
9.Bg5 f6 10.Bc1 c6 11.Qc2 Qe7 12.Rd1 f5 13.h3 Nh6 14.Bg5 Qe8 15.exf5 gxf5
16.d5 c5 17.Nb5 Qg6 18.Be7 Rf7 19.Nh4  1-0

[Event "IND-ch"]
[Site "Nagpur"]
[Date "1999.03.24"]
[Round "2"]
[White "Sashikiran, Krishnan"]
[Black "Thipsay, Praveen Mahadeo"]
[Result "1-0"]
[WhiteElo "2525"]
[BlackElo "2467"]

1.d4 Nf6 2.c4 g6 3.Nc3 Bg7 4.e4 d6 5.Nf3 O-O 6.Be2 Na6 7.O-O e5 8.Be3 Ng4
9.Bg5 Qe8 10.dxe5 h6 11.Bd2 dxe5 12.h3 Nf6 13.Be3 Qe7 14.Nd5 Qd8 15.Qc1 Kh7
16.Rd1 Nd7 17.c5 c6 18.Bxa6 cxd5 19.Rxd5 bxa6 20.c6 Qe8 21.cxd7 Bxd7 22.Rc5 Qe6
23.Qc4 Rfc8 24.Qxe6 Bxe6 25.Ra5 Rc4 26.Rxa6 Rxe4 27.b3 Rb4 28.Rc1 Rb7 29.Rc5 Re8
30.Rca5 Rd7 31.Rxa7 Rd1+ 32.Kh2 Bd5 33.Nd2 Rd8 34.Nc4 Bf6 35.R5a6 Kg7 36.Bxh6+ Kxh6
37.Rxf6 Kg7 38.Rd6 Bxc4 39.Rxd8 Rxd8 40.bxc4 Rd2 41.f3 Rc2 42.Ra5 Kf6 43.c5 Kg5
44.a4 f5 45.Rb5 Kf4 46.a5 e4 47.fxe4 fxe4 48.a6 e3 49.a7 Ra2 50.Rb7 e2 51.Re7 Rxa7
52.Rxe2 Rc7 53.Rc2 Rc6 54.Rc4+ Ke3 55.Kg3 g5 56.Kg4 Kd3 57.Rc1 Kd2 58.Rf1  1-0

[Event "Novgorod op"]
[Site "Novgorod"]
[Date "1999.03.24"]
[Round "6"]
[White "Loginov, Valery A"]
[Black "Poluljahov, Aleksandr"]
[Result "1-0"]
[WhiteElo "2532"]
[BlackElo "2566"]

1.Nf3 Nf6 2.c4 g6 3.Nc3 Bg7 4.e4 d6 5.d4 O-O 6.Be2 e5 7.d5 Nbd7 8.Qc2 a5
9.Bg5 h6 10.Be3 Ng4 11.Bd2 Nc5 12.h3 Nf6 13.Be3 Ne8 14.Nd2 f5 15.f3 f4 16.Bf2 Bf6
17.h4 Ng7 18.O-O-O Bd7 19.Kb1 a4 20.Nf1 Nh5 21.Rd2 Kh7 22.Bd1 Qe7 23.Qc1 Ra5
24.Bc2 Rfa8 25.Qd1 R8a6 26.g4 fxg3 27.Nxg3 Nxg3 28.Bxg3 h5 29.Rg2 b5 30.cxb5 Bxb5
31.Be1 Be8 32.f4 Rb6 33.f5 gxf5 34.exf5 e4 35.Rhg1 Qe5 36.Rg8 Bf7 37.Rf8 Rxb2+
38.Kxb2 Qe7 39.Rxf7+ Qxf7 40.Rg6 Bxc3+ 41.Bxc3  1-0

[Event "Novgorod op"]
[Site "Novgorod"]
[Date "1999.03.24"]
[Round "6"]
[White "Lugovoi, Aleksei"]
[Black "Sambuev, Bator"]
[Result "1-0"]
[WhiteElo "2510"]
[BlackElo "2409"]

1.d4 Nf6 2.c4 g6 3.Nc3 Bg7 4.e4 d6 5.Nf3 O-O 6.Be2 e5 7.d5 a5 8.Bg5 h6 9.Bh4 Na6
10.O-O Qe8 11.Nd2 Bd7 12.a3 a4 13.b4 axb3 14.Nxb3 Ba4 15.Qb1 Bxb3 16.Qxb3 Nc5
17.Qc2 Na4 18.Nb5 Qe7 19.f3 Rfc8 20.Rfd1 Qe8 21.Bf2 Nd7 22.Na7 Ndc5 23.Nxc8 Qxc8
24.Rab1 Ra6 25.Rb5 Qa8 26.Ra1 Bf8 27.Bd1 Nb6 28.Qc3 Nbd7 29.Rbb1 b6 30.Be3 Nb7
31.Bc2 Ndc5 32.Ra2 Qd8 33.g3 Kh7 34.Rf1 Bg7 35.Bb1 Qe7 36.Rg2 Ra8 37.Bc2 Re8
38.Bc1 Na5 39.Be3 Nab7 40.Kh1 Kg8 41.Re2 Qd7 42.Kg2 Re7 43.Qe1 Qe8 44.Bd2 Qa8
45.Qc1 Qa6 46.Bxh6 Qxc4 47.Rff2 Kh7 48.Bxg7 Kxg7 49.Qe3 Nd7 50.h4 Re8 51.h5 Rh8
52.g4 gxh5 53.Qg5+ Kf8 54.Qf5 Nbc5 55.gxh5 Qc3 56.a4 Qa1 57.Kh2 Qc1 58.Rg2 Ke7
59.Rg7 Qf4+ 60.Qxf4 exf4 61.Rg5 Ne5 62.Kg2 Ncd7 63.Re1 f6 64.Rf5 Rg8+ 65.Kf2 Rg3
66.Rxf4 Rh3 67.Kg2 Rxh5 68.Rf5 Rxf5 69.exf5 Kf7 70.f4 Nc4 71.Bd3 Nb2 72.Bb5 Nc5
73.Ra1 Ke7 74.Kf2 Nbd3+ 75.Bxd3 Nxd3+ 76.Ke3 Nc5 77.a5 bxa5 78.Rxa5  1-0

[Event "Bled op"]
[Site "Bled"]
[Date "1999.03.25"]
[Round "6"]
[White "Hanko, Pavel"]
[Black "Kecic, Stevan"]
[Result "1/2-1/2"]
[WhiteElo "2212"]
[BlackElo "2240"]

1.d4 Nf6 2.Nf3 g6 3.c4 Bg7 4.Nc3 O-O 5.e4 d6 6.Be2 e5 7.Be3 Ng4 8.Bg5 f6
9.Bc1 Nc6 10.d5 Ne7 11.h3 Nh6 12.g4 Nf7 13.Rg1 g5 14.h4 Ng6 15.h5 Nf4 16.Be3 b6
17.b4 a5 18.a3 axb4 19.axb4 Bd7 20.Nd2 Rxa1 21.Qxa1 Qa8 22.Qxa8 Rxa8 23.Ndb1 Nd8
24.f3 c5 25.bxc5 dxc5 26.Bf1 Nb7 27.Rh1 Na5 28.Nd2 Bf8 29.Kd1 Bd6 30.Kc2 Nb7
31.Kb2 Bc7 32.Ndb1 Nd6 33.Na3 Kf7 34.Rh2 h6 35.Rc2 Ke7 36.Rc1 Ne8 37.Ra1 Bd6
38.Bc1 Nc7 39.Nc2 Rxa1 40.Kxa1 Na6 41.Kb2 Nb4 42.Nxb4 cxb4 43.Nd1 Ba4 44.Ne3 Kd7
45.Nc2 Bc5 46.Bd2 Kc7 47.Nxb4 Bd1 48.Na6+ Kd7 49.Nxc5+ bxc5 50.Bxf4 exf4
51.Bg2 Be2 52.Kc3 Kc7 53.Kb3 Kd6 54.Kc3 Ke5 55.Kb3 Kd4 56.Ka4 Ke5 57.Kb3 Kd6
58.Kc3 Kc7 59.Kb3 Kb6 60.Kc3  1/2-1/2

[Event "Bled op"]
[Site "Bled"]
[Date "1999.03.25"]
[Round "6"]
[White "Sebenik, Matej"]
[Black "Praznik, Anton"]
[Result "1-0"]
[WhiteElo "2154"]
[BlackElo "2217"]

1.Nf3 Nf6 2.c4 g6 3.Nc3 Bg7 4.d4 O-O 5.e4 d6 6.Be2 Nbd7 7.O-O e5 8.d5 Nc5
9.Qc2 a5 10.Bg5 h6 11.Be3 b6 12.Nd2 Ne8 13.a3 f5 14.f3 Nf6 15.b4 Na6 16.bxa5 bxa5
17.Nb3 Nh5 18.Nxa5 Nf4 19.Rfe1 h5 20.Nb3 Bh6 21.Bf1 g5 22.g3 Kh8 23.gxf4 gxf4
24.Bf2 Rg8+ 25.Kh1 Qg5 26.Bh3 fxe4 27.Rg1 Bxh3 28.Rxg5 Rxg5 29.Nxe4 Rg6 30.Rg1 Rag8
31.Rxg6 Rxg6 32.Bg1 Bf8 33.Ba7 Kg7 34.Nc1 Be7 35.Qf2 h4 36.Nd3 Bc8 37.Qb2 Kf7
38.Qb5 h3 39.Bf2 Rg2 40.Ne1 Rg6 41.a4 Rh6 42.Nd3 Rg6 43.c5 Rg8 44.cxd6 cxd6
45.Qc6 Rd8 46.Bb6 Bd7 47.Qc4 Ra8 48.a5 Kf8 49.Kg1 Kf7 50.Kf1 Kf8 51.Ke2 Kf7
52.Kd1 Kf8 53.Kd2 Kf7 54.Nxe5+ dxe5 55.d6+ Be6 56.Qc6 Rg8 57.Qb7  1-0

[Event "Hessen-ch op"]
[Site "Baunatal"]
[Date "1999.03.26"]
[Round "2"]
[White "Loeffler, Hartwig"]
[Black "Mueller, Achim"]
[Result "0-1"]
[WhiteElo "2040"]
[BlackElo "2185"]

1.e4 g6 2.d4 Bg7 3.c4 d6 4.Nf3 Nf6 5.Nc3 O-O 6.Be2 Nbd7 7.O-O e5 8.d5 Nc5
9.Qc2 a5 10.Ne1 Nfd7 11.Nd3 f5 12.f3 f4 13.Nb5 g5 14.b3 h5 15.Ba3 b6 16.b4 Nxd3
17.Qxd3 axb4 18.Bxb4 Nc5 19.Bxc5 bxc5 20.a4 g4 21.fxg4 hxg4 22.Qd1 Qh4 23.h3 f3
24.Nxc7 f2+ 25.Kh1 gxh3 26.Ra3 hxg2+ 27.Kxg2 Rf6 28.Rg3 Rg6 29.Rxg6 Bh3+
30.Kf3 Qf4+  0-1

[Event "ISR-chT"]
[Site "Israel"]
[Date "1999.03.26"]
[Round "5"]
[White "Gershon, Alik"]
[Black "Maryasin, Boris"]
[Result "0-1"]
[WhiteElo "2467"]
[BlackElo "2394"]

1.d4 Nf6 2.c4 g6 3.Nc3 Bg7 4.e4 d6 5.Nf3 O-O 6.Be2 Na6 7.O-O e5 8.d5 Nc5
9.Qc2 a5 10.Bg5 h6 11.Be3 b6 12.Nd2 Bg4 13.h3 Bd7 14.b3 Nh7 15.Rab1 f5 16.exf5 Bxf5
17.Nde4 Qh4 18.Bxc5 bxc5 19.Bd3 Rf7 20.Rbe1 Raf8 21.f3 h5 22.Qf2 Qd8 23.Qd2 Bf6
24.g4 Bxe4 25.Bxe4 Bh4 26.Bxg6 Rxf3 27.Rxf3 Rxf3 28.Bxh7+ Kxh7 29.Rf1 Qf6
30.Qe2 hxg4 31.hxg4 Rg3+ 32.Kh2 Qg6 33.Rf5 Rxc3  0-1